00817nam a22002417a 450000500170000001000130001702000220003003500130005203700160006504000120008108200180009310000290011124500420014026000450018227000450022730000240027250000610029665000240035765000230038194200270040499900190043195201250045020170124110008.0 aA-596868 c00.00a8185931011 aA-596868 bCen Lib/Ret aDPLbEN a515.2433bBHA aBhatia, Rajendra 917198 aFourier Series /cby Rajendra Bhatia  bHindustan Book Agency aNew Delhi c1993 a17 ub jawahar nagar bNew Delhi e110007 avi, 106p.c22cm(Hb) aIncludes bibliographical references, index and appendix  a Mathematics 98937 aDimensions 917199 2ddccENh515.2433mBHA c126309d126309 00104070aLbLd2015-06-25eCen Lib/Retg0.00l0o515.2433 BHApA-596868r2015-06-25 00:00:00t1v0.00w2015-06-25yEN